LEADER 01192nam a2200253 i 4500 001 000000161911 003 CaOOAMICUS 005 20070601000000.0 008 070601s1962 it u000 u ita u 013 $a139275 040 $aSeMil$bita 100 1 $aTropeano, Francesco.$0(OLS)http://semarc/name/42813 245 10$aSaggio sulla Prosa Dannunziana /$cFrancesco Tropeano ; con un ricordo di Francesco Tropeano ; a cura di G. Raniolo ; presentazione di M. Fubini. 260 $aFirenze :$bLe Monnier,$c1962. 300 $aVI, 92 p., [1] c. di tav. ;$c21 cm. 490 0 $aQuaderni di letteratura e d'arte ;$v20 650 4$aD'Annunzio, Gabriele <1863-1938> - Opere.$0(OLS)http://semarc/subject/2300 700 1 $aRaniolo, Giuseppe.$0(OLS)http://semarc/name/72242 700 1 $aFubini, Mario,$d<1900-1977>.$0(OLS)http://semarc/name/6306 830 0$aQuaderni di letteratura e d'arte ;$v20.$0(OLS)http://semarc/title/14178 850 $aSeMil 852 $aSeMil$W1$xVenegono$y1$m1O II 386$j244026$B113288$CSeMilBibl$Z2$F123920 $81 996 $6245$aSaggio sulla Prosa Dannunziana$9(OLS)http://semarc/title/145298 996 $6260$aFirenze :$bLe Monnier$9(OLS)http://semarc/publisher/30060 LEADER 02025nam a2200205 i 4500 001 000000024100 003 CaOOAMICUS 005 20180830125446.0 008 180830n it u000 u ita u 040 $aSeMil$bita 245 10$a[Miscellanea :$b7]. 300 $a1 v. ;$c19 cm. 500 $aTitolo assegnato sul dorso della legatura. - Raccoglie volumi del 18.-19. sec. di differenti argomenti rilegati insieme. 774 0 $aScotti, Cosimo Galeazzo$tElogio dell'abbate Giancarlo Passeroni gia membro dell'Istituto nazionale.$dCremona : dalla Tipografia Giuseppe Feraboli, [dopo il 1803]$w()195812 774 0 $aBorromeo, Carlo $tLettere del glorioso arcivescovo di Milano S. Carlo Borromeo Cardinale di S. Prassede.$bSeconda edizione.$dLugano : per gli Agnelli, 1762.$w()195814 774 0 $aBorromeo, Carlo $tNuova raccolta di lettere del gloriosissimo S. Carlo Borromeo arcivescovo di Milano per la prima volta date alla luce, e dedicate al merito impareggiabile di sua eccellenza il signor commendatore D. Francesco D'Almada, e Mendonza ..$dLugano : nella Stamperia Agnelli, 1762.$w()195817 774 0 $aPorro, Francesco <1708-1776>$tEsame, e risposta alle lettere di San Carlo stampate in Lugano. Si dimostra non essersi il Santo alienato mai da' Gesuiti, come pretendono i produttori di Lugano, ma essere anzi venuta accrescendo la sua benevolenza per essi fino alla morte.$dCosmopoli [i.e. Venezia] : [s.n.], 1762.$w()195820 774 0 $aMelli, Giovanni Battista$tAbuso della filosofia. Ragionamento storico, critico, e morale dell'abbate Gio. Battista Melli.$din Milano : per Giacomo Agnelli, 1780.$w()195841 774 0 $aBallerini, Pietro <1698-1769>$tMetodo di S. Agostino negli studi opera del sig. abate Pietro Ballerini.$bIn questa nuova edizione accresciuta di articoli e di note e dedicata all'illustrissimo signore don Giuseppe Casati ...$dIn Milano : Appresso Giuseppe Galeazzi regio stampatore, 1772.$w()195845 996 $6245$a[Miscellanea :$b7]$9(OLS)http://semarc/title/32347